Non - Conventional Energy Resources (Record no. 15139)

MARC details
000 -LEADER
fixed length control field 00413nam a2200157Ia 4500
008 - FIXED-LENGTH DATA ELEMENTS--GENERAL INFORMATION
fixed length control field 221030s9999 xx 000 0 und d
020 ## - INTERNATIONAL STANDARD BOOK NUMBER
ISBN 9350142288
041 ## - LANGUAGE CODE
Language code of text/sound track or separate title
100 ## - MAIN ENTRY--AUTHOR NAME
Personal name S. H. Saeed
245 #0 - TITLE STATEMENT
Title Non - Conventional Energy Resources
Statement of responsibility, etc by S. H. Saeed, D. K. Sharma
260 ## - PUBLICATION, DISTRIBUTION, ETC. (IMPRINT)
Name of publisher S. K. Kataria & Sons
Place of publication New Delhi
Year of publication 2014
300 ## - PHYSICAL DESCRIPTION
Number of Pages 314
650 ## - SUBJECT ADDED ENTRY--TOPICAL TERM
Topical Term BB EE
700 ## - ADDED ENTRY--PERSONAL NAME
Personal name D. K. Sharma
942 ## - ADDED ENTRY ELEMENTS (KOHA)
Koha item type Books
Holdings
Accession Number Cost, normal purchase price Source of acquisition Price effective from Koha item type Withdrawn / writtenoff status Materials specified (bound volume or other part) Damaged status Not for loan Permanent Location Current Location Shelving location Date acquired Lost/ Missing status department Bill Date
BB 572 210.00 Complimentary 10/30/2022 Books   Print     MIET Library, Jammu MIET Library, Jammu BL-Academic Block B, FL-2, CUP-103, SH-6, R-6 03/15/2014   BB  
BB 609 210.00 RKB 10/30/2022 Books   Print     MIET Library, Jammu MIET Library, Jammu BL-Academic Block B, FL-2, CUP-103, SH-6, R-6 10/15/2014   BB 10987
BB 638 210.00 RKB 10/30/2022 Books   Print     MIET Library, Jammu MIET Library, Jammu BL-Aacdemic Block B, FL-2, CUP-103, SH-6, R-6 10/21/2014   BB 10989
BE 14034 210.00 RKB 10/30/2022 Books   Print     MIET Library, Jammu MIET Library, Jammu BL-Academic Block C, FL-2, CUP-162, SH-4, R-4 11/11/2014   BE 10989
BE 14035 210.00 RKB 10/30/2022 Books   Print     MIET Library, Jammu MIET Library, Jammu BL-Academic Block C, FL-2, CUP-162, SH-4, R-4 11/11/2014   BE 10989
BE 13937 210.00 RKB 10/30/2022 Books   Print   Not For Loan MIET Library, Jammu MIET Library, Jammu BL-Academic Block B, FL-2, CUP-57, SH-5, R-5 11/05/2014   BE 10987
BE 13938 210.00 RKB 10/30/2022 Books   Print     MIET Library, Jammu MIET Library, Jammu BL-Academic Block D, FL-2, CUP-162, SH-4, R-4 11/05/2014   BE 10987
BE 13939 210.00 RKB 10/30/2022 Books   Print     MIET Library, Jammu MIET Library, Jammu BL-Academic Block C, FL-2, CUP-162, SH-4, R-4 11/05/2014   BE 10987
BE 13940 210.00 RKB 10/30/2022 Books   Print     MIET Library, Jammu MIET Library, Jammu BL-Academic Block C, FL-2, CUP-162, SH-4, R-4 11/05/2014   BE 10987